01339nam a2200313Ia 4500001001100000003000800011006001900019007001500038008004100053040002100094035002100115050002400136100001500160245010100175260008800276300001000364533015200374650003200526650004700558650005000605650004700655655002900702700005800731710002200789710005700811710001700868856012500885999001501010ebr5002304CaPaEBRm u cr cn|||||||||100917s2001 vau s 000 0 eng d aCaPaEBRcCaPaEBR a(OCoLC)68063310214aB441.A5bM87 2001eb0 aAristotle.10aPosterior analyticsh[electronic resource] :b350 BC /cAristotle ; translated by G. R. G. Mure. a[South Bend, IN] :bInfomotions, Inc. ;a[Blacksburg, VA] :bVirginia Tech.,c2001. a57 p. aElectronic reproduction.bPalo Alto, Calif. :cebrary,d2010.nAvailable via World Wide Web.nAccess may be limited to ebrary affiliated libraries. 0aLogicvEarly works to 1800. 0aKnowledge, Theory ofvEarly works to 1800. 0aDefinition (Philosophy)vEarly works to 1800. 0aSciencexMethodologyvEarly works to 1800. 7aElectronic books.2local1 aMure, G. R. G.q(Geoffrey Reginald Gilchrist),d1893-2 aInfomotions, Inc.2 aVirginia Polytechnic Institute and State University.2 aebrary, Inc.40uhttp://site.ebrary.com/lib/rucke/Doc?id=5002304zAn electronic book accessible through the World Wide Web; click to view c1684d1684